| 000 | 00737cab a2200217 4500 | ||
|---|---|---|---|
| 001 | WB3344-03 | ||
| 008 | 090401t1997 xxu||||| |||| 00| 0 eng d | ||
| 035 | _a(Sirsi) u82089 | ||
| 041 | _aeng | ||
| 245 | _aHeadquarters redevelopment project | ||
| 260 | _c1997 | ||
| 350 | _a0 | ||
| 490 |
_aMinistry of Defence News Release _v(176/97) 12 November 1997, (2) |
||
| 520 | _aGovernment is to invite proposals from three short-listed consortia for a Public Private Partnership scheme to redevelop the London headquarters of the MoD. | ||
| 650 | _aMOD HEADQUARTERS | ||
| 650 | _aPUBLIC PRIVATE PARTNERSHIPS | ||
| 650 | _aREFURBISHMENT PROJECTS | ||
| 690 | _aBUILDING AND CONSTRUCTION-PROJECTS | ||
| 942 | _n0 | ||
| 948 | _c13/11/1997 | ||
| 999 |
_c51780 _d51780 |
||